00538nam a2200181Ia 4500003000400000005001700004008004100021040001800062041000800080082001800088100002500106245009700131250001200228260003900240300002400279650002500303650002800328OSt20250131133835.0210716s1966 xx 000 0 und d cAIMIT LIBRARY aeng a813 21bGETM aGettleman, Marvin E. aViet nam: bhistory documents and opinions on a major world crisis /cBy Marvin E Gettleman. a1st ed. aNew York :bFawcett Books ;c1966. a448p. ;bPBc18 cm. aWar and independence aRegin of ngo dinh diem.